Minecraft Mobs: Mule - Statistics

General Stats
  • This quiz has been taken 6 times
  • The average score is 6 of 9
Answer Stats
Question Answer % Correct
What is the minimum number of health points a mule can have? 15
100%
What is the maximum number of health points a mule can have? 30
100%
How many inventory slots does a chest on a mule have? 15
83%
What is an adult mule's height in blocks? 1.6
83%
What is one mob that is required to breed a mule? Donkey | Horse
83%
What item must be equipped on a mule in order to control it while riding? Saddle
83%
What is one item that can be fed to mules to heal them? Sugar | Wheat | Apple | Carrot | Golden Carrot | Golden Apple | Enchanted Golden Apple | Hay Bale
83%
What is an adult mule's width in blocks? 1.3965
0%
What advancement do you get for breeding one of every animal? Two by Two
0%
No matching quizzes found
Score Distribution
Percent of People with Each Score
Percentile by Number Answered
Your Score History
You have not taken this quiz